ნორმალური ფორმატი
MARC ფორმატი
ჩანაწერი Topical Term
ჩანაწერთა რაოდენობა, რომელიც გამოყენებულია: 2
001 - CONTROL NUMBER
- control field: 14417
003 - CONTROL NUMBER IDENTIFIER
- control field: GE_BSU
005 - DATE AND TIME OF LATEST TRANSACTION
- control field: 20220714155411.0
008 - FIXED-LENGTH DATA ELEMENTS
- fixed length control field: 220714|| aca||aabn | a|a d
040 ## - CATALOGING SOURCE
- Original cataloging agency: GE_BSU
- Transcribing agency: GE_BSU
150 ## - HEADING--TOPICAL TERM
- Topical term or geographic name entry element: Business
- General subdivision: Research
- General subdivision: Methodology.
670 ## - SOURCE DATA FOUND
- Source citation: Work cat.: (GE_BSU)0: Bell, Emma, 1968- author. 14416, Business research methods.
